00375 a2200145 4500003000400000005001700004008004100021020001800062040000900080082002000089100001800109245005600127260003700183300000900220OSt20231109151135.0231109b |||||||| |||| 00| 0 eng d a9789384035761 coclc a894.8124bNAS/S aNasreen, Azma aSathyathilekku ente jeevitha yathra /cAzma Nasreen aKerala:bReaders network,c2023. a139p